Normal view
MARC view
- Supervised by Dr. Naveed Rao
Entry Personal Name
001 - CONTROL NUMBER
- control field: 131980
003 - CONTROL NUMBER IDENTIFIER
- control field: NUST
005 - DATE AND TIME OF LATEST TRANSACTION
- control field: 20251121141956.0
008 - FIXED-LENGTH DATA ELEMENTS
- fixed length control field: 251121|| aca||aabn | a|a d
040 ## - CATALOGING SOURCE
- Original cataloging agency: NUST
- Transcribing agency: NUST
100 ## - HEADING--PERSONAL NAME
- Personal name: Supervised by Dr. Naveed Rao
670 ## - SOURCE DATA FOUND
- Source citation: Work cat.: (NUST)183881: Khalid , Muhammad Bilal (TCC-17A) 131979, Think . Done A Brain computer interface (BCI) /, 2009
